Statistics for AFL/VFL (Australian Football League) Quiz

Click here to take the quiz!

General Stats

  • This quiz has been taken 69 times
  • The average score is 6 of 10

Answer Stats

QuestionAnswer% Correct
In 1966 St Kilda won their only ever premiership in their over 100 year existence over Collingwood in what would go down as one of the greatest grand finals ever. What was the Saints winning margin?1 point
71%
Tony Lockett is the all time leading goal kicker of the AFL with 1360 goals. Who is second in the all time leading goalkickers list?Gordon Coventry
64%
The Brisbane Lions won three consecutive premierships in 2001,2002 and 2003. In those three years what was the their highest place on the home and away ladder?2nd
62%
Who has gotten the most Brownlow votes in a single season? (3-2-1 voting system)Dustin Martin
62%
In 2007 Geelong beat Port Adelaide in what would be the biggest winning margin in AFL/VFL history. What was the total winning margin?119 points
60%
The MCG is the most historic AFL ground of all time being the mecca of footy. Who has kicked the most goals on the MCG?Matthew Richardson
58%
Collingwood have lost more grand finals in their history than other team in VFL/AFL history deeming them the nickname 'Colliwobbles'. What has been the Magpies grand final win/loss record in grand finals since the year 2000?1 win 4 losses
53%
Which AFL expansion team has won the most premierships?West Coast Eagles
53%
Which AFL/VFL team has had the longest premiership drought?Sydney/South Melbourne Swans
40%
A lot of upsets have happened this decade in grand finals. When was the last year a team who finished first on the home and away ladder won the grand final?2013
31%

Score Distribution

Percentile by Number Answered

Percent of People with Each Score

Your Score History

You have not taken this quiz